Datum a čas kvízu
17.5
Celkem bodů
Celkový počet nahraných bodů na tomto kvízu bez doplňovacích otázek.
11.
Pořadí na kvízu
Konečné umístění týmu na tomto kvízu.
Zaznamenané odpovědi
| # | Otázka | Odpověď | Body | Výsledky |
|---|---|---|---|---|
| 1. | Minulý týden rozbouřil vody če... | Vondráček s kolegou vyskočili na předsednický pult a hráli na kytary. | 1 | |
| 2. | Předsedkyně ruského parlamentn... | Čajkovskij | 0 | |
| 3. | Tři interpreti dostali v úter... | Lucie, Barbora Poláková | 0.5 | |
| 4. | V charitativní loterii, v níž... | papeži Františkovi | 1 | |
| 5. | Ve středečních zápasech Ligy m... | Penalty byly nařízeny s pomocí videa. | 0 | |
| 6. | V prvních čtyřech otázkách tém... | Alois Jirásek, Staré pověsti české | 0 | |
| 7. | „Vstávej!“ ...Meduna krásně př... | Karel Poláček, Muži v offsidu | 0 | |
| 8. | "Mé nejstarší vzpomínky... To... | Karel Čapek, Hovory s TGM | 0.5 | |
| 9. | Zde nejde o první větu, ale je... | Vladislav Vančura, Rozmarné léto | 0 | |
| 10. | "V jednom kupé druhé třídy ryc... | B | 1 |